000 00536nam a2200193 a 4500
001 1776330595334
003 YourLibrary
005 20260416144343.0
008 260416s2003##################000#0#eng##
020 _a9789041198891
082 0 4 _a346.08
_bWAN
100 1 _aWang, Wallace,
_eauthor.
245 1 0 _aReinsurance Regulation:A Contemporary and Comparative Study :
260 _bKluwer Law International B.V.,
_c2003.
300 _a244 pages
650 0 _aLaw.
942 _cENGLISH
040 _aYourLibrary
_beng
_cYourLibrary
999 _c619366
_d619366